Quizzes
Events
Quiz Creation
Community
Videos
Private Events
Remove Ads
Sign In
Join for FREE
Feedback
Dark Mode
Quiz Categories
Sports
Geography
Music
Movies
Television
Just For Fun
Miscellaneous
History
Literature
Language
Science
Gaming
Entertainment
Religion
Holiday
For Kids
Quiz Lab
Recent
Popular Today
Quiz Kudos Today
Editor Picks
Curator Picks
Quizzes by...
Day
Popularity
Type
Ratings
Length
Year
Community
Subscriptions
Recent Discussions
Orange Saloon
Badges
Playlists
Quests
Create
Leaderboards
Showdown
Live 5
Trivia Bingo
Activity
Puzzle Library
Sporcle Events
Private Events
Virtual Trivia
Globe League
Become a Host
Pub Owners
SporcleCon
Opinionation
Our Games
Videos
Blog
Mobile Apps
Partnerships
Remove Ads and Go Orange
Feedback
Geography
Country
Landmarks
City
State
Population
World
Capital
Continent
Flags
Europe
Africa
Asia
South America
North America
Oceania
Border
Canada
United Kingdom
Topography
United States
Geography
Country
Landmarks
City
State
Population
World
Capital
Continent
Flags
Europe
Africa
Asia
South America
North America
Oceania
Border
Canada
United Kingdom
Topography
United States
Random Quiz
Search Sporcle
×
Quiz Lab
Quiz Lab
Geography
United Kingdom
Type in answers that appear in a list
Type in answers that appear in a list
Classic
Best Score? Go Orange.
Local Councils in South East England Stats
Can you name the Local Councils in South East England?
By
lionel87
10m
67 Questions
142 Plays
142 Plays
142 Plays
Comments
Comments
Give Quiz Kudos
Give Quiz Kudos
-
- Ratings
hide this ad
More Info
Replay
Link that replays current quiz
Next Quiz
Link to next quiz in quiz playlist
You Got
0%
They Got
Avg Score
64%
Avg Friend Score
Upgrade to see
Score Distribution
Jump to the score distribution portion of the page
Score
0/67
Timer
10:00
0
Plays Today
% Correct
Brighton and Hove (Unitary)
89.4%
Reading (Unitary)
85.2%
Portsmouth (Unitary)
84.5%
Slough (Unitary)
83.1%
Dover
83.1%
Windsor and Maidenhead (Unitary)
82.4%
Ashford
82.4%
Medway (Unitary)
81%
Hastings
79.6%
Southampton (Unitary)
79.6%
Woking
79.6%
Canterbury
78.9%
Guildford
76.8%
Oxford
75.4%
West Berkshire (Unitary)
73.2%
Crawley
73.2%
Milton Keynes (Unitary)
71.8%
Bracknell Forest (Unitary)
71.1%
Wokingham (Unitary)
71.1%
Eastbourne
71.1%
Thanet
71.1%
Maidstone
70.4%
Tunbridge Wells
70.4%
Tonbridge and Malling
69.7%
Chichester
69.7%
Aylesbury Vale
68.3%
Basingstoke and Deane
67.6%
Wycombe
66.2%
Gosport
66.2%
Dartford
66.2%
Winchester
64.8%
Worthing
64.1%
Reigate and Banstead
62.7%
Fareham
62%
% Correct
Adur
62%
Arun
61.3%
West Oxfordshire
59.9%
Eastleigh
59.2%
New Forest
59.2%
Lewes
58.5%
Surrey Heath
58.5%
Mid Sussex
58.5%
Wealden
57.7%
Gravesham
57.7%
Vale of White Horse
57.7%
Epsom and Ewell
57.7%
Isle of Wight (Unitary)
57%
Sevenoaks
56.3%
Shepway
56.3%
Havant
55.6%
South Oxfordshire
55.6%
Tandridge
54.9%
South Bucks
54.2%
Chiltern
53.5%
Spelthorne
53.5%
Mole Valley
52.1%
Hart
51.4%
Cherwell
51.4%
Runnymede
51.4%
Horsham
51.4%
Swale
50.7%
Waverley
50%
East Hampshire
49.3%
Rushmoor
43.7%
Rother
43%
Test Valley
43%
Elmbridge
37.3%
Quiz Playlist
Details
Report
Send in Message
Add To Playlist
More Info:
Name all the Local Authorities (Districts, Boroughs and Unitaries). County Councils are not included (unless Unitary).
Classic:
Type in answers that appear in a list
Quiz Source
Last Updated: Feb 16, 2017
Quiz Scoreboard
CHALLENGE
Sign Up to Join the Scoreboard
Show All
Scores
Hide
Comments
May contain spoilers
Recently Published
Billboard Blitz: Fleetwood Mac
by CooCooCachoo
Music
15s
Presidents Visiting Landmarks
by Hejman
History
7m
An Introduction to Baseball
by treessimontrees
Sports
5m
More to Explore
Quiz From the Vault
Featured Blog Post
Where Did the Easter Bunny Come From?
hide this ad
You Might Also Like...
Tags
United Kingdom Quiz
Authority
council
district
England
local
Local Government
Today's Top Quizzes in Geography
Browse Geography
hide this ad
Today's Top Quizzes in United Kingdom
Browse United Kingdom
Top Contributed Quizzes in Geography
1
Countries of the World - No Outlines Minefield
2
Top 25 Cities of France on a map
3
Any capital of a 'B' country per Continent
4
Any capital of a 'C' country per Continent
5
Closest Countries to UK A-Z
6
Any capital of a 'D' country per Continent
7
5-to-1: US Geography No Hints
8
One Thing in Common: United Kingdom
9
Any capital of an 'E' country per Continent
10
Any capital of an 'F' country per Continent
Explore More
Trending Topics
Marvel
Crossword
Anime
Kpop
Disney
Harry Potter
NBA
Song
Puzzle
The Office
NFL
Country
WWE
Pokémon
Soccer
hide this ad
More By:
lionel87
Quiz
Plays
Rating
Category
Featured
Created
Airlines serving Birmingham Airport UK
618
2.75
Geography
Dec 7, 2010
UK Busiest Airports
358
4.00
Miscellaneous
Dec 31, 2010
One-syllable British National Rail stations
296
5.00
Geography
Apr 2, 2019
Local Councils in the East of England
210
Geography
Mar 25, 2011
Local Councils in North West England
189
5.00
Geography
Mar 25, 2011
Go to Creator's Profile
Score Distribution
Quiz Creator Spotlight
lionel87
Follow
Send a Message
Quizzes Created
-
Created Quiz Play Count
-
More By This Creator
Popular Quizzes Today
1
Find the US States - No Outlines Minefield
2
Find the Countries of Europe - No Outlines Minefield
3
The Countries of the World
4
Find the US States
5
US States
6
Risky Map Clicking: Biggest States A-Z
7
Popular People in 1961
8
Movies - When Are They Set?
More Geography Quizzes
European 'V' Cities
Curator's Pick
Trending Quizzes
Risky Map Clicking: Least Populous States A-Z
1-10 Letter G Words
1-10 Letter F Words
Risky Map Clicking: Next State Alphabetically
Risky Map Clicking: Biggest States A-Z
Recently Updated
Leaping Animals
pecheneg
Reality TV Shows (A-Z)
bhenderson79
Rickey Henderson's Hall of Fame Teammates
pecheneg
Champions League XIs: Arsenal
pecheneg
Quick Pick: Celebrities in WWE's Hall of Fame
aduchscher
A-Z Keypad Blitz II
pecheneg
Multiple Oscar Actors
pecheneg
Mystery Phrase Blitz: Oscar 'Best Actors'
pecheneg
F. Scott Fitzgerald Novels
LTH
Pick 3 Villains
ddd62291
Trending Topics
Disney
Crossword
Kpop
Anime
Harry Potter
NBA
Marvel
Soccer
The Office
Song
NFL
Country
Puzzle
Pokémon
WWE
Your Account Isn't Verified!
In order to create a playlist on Sporcle, you need to verify the email address you used during registration. Go to your
Sporcle Settings
to finish the process.
Report this User
Report this user for behavior that violates our
Community Guidelines
.
Details:
Send Report
Go to the Sporcle.com Mobile Site →
Comments